1338 1735 1384 1626 1520 1904 1702 1717 1606 1402 1849 1946 1301 1402 1085 1118 1023 1979 1044 1239 1102 1791 1489 1779 1982 1438 1164 1222 1449 1743 1420 1958 1715 1853 1540 1323 1235 1447 1621 1819 1406 1431 1641 1036 1278 1624 1641 1143 1517 1115 1088 1700 1553 1047 1372 1776 1123 1349 1861 1853 1165 1838 1058 1162 1977 1632 1716 1388 1478 1443 1301 1628 1425 1187 1364 1424 1517 1336 1243 1150 1776 1284 1114 1761 1107 1442 1421 1834 1047 1132 1061 1942 1819 1153 1775 1281 1086 1042 1237 BCNSPRNW ULIB Ver.6.0+V

เปลี่ยนเป็นภาษาไทย

Change to English
 แสดงรายละเอียดบรรณานุกรม
  กลับหน้าหลัก

Brief Record : Get Marc (ISO 2709) : E-mail record : QR code < ปิดหน้าต่าง
LEADER : 00000nam 2200000uu 4500
001    13399125581
003     ULIB
008    170701s2559||||th 000 0 tha d
020    ^a9786160825745
060  0 ^aWB327^bม273ห
100 0  ^aมาริออท, ซูซานนนห์
245 10 ^a1001 วิธี สวย สุขภาพดี ชีวีอ่อนเยาว์ / ^cซูซานนนห์ มาริออท ; ภัทรวรรณ ธาดาดลทิพย์, ผู้แปล
260    ^aกรุงเทพฯ:^bซีเอ็ดยูเคชั่น,^c2559
300    ^a343 หน้า : ^bภาพประกอบ ;^c21 ซม.
650  4 ^aสุขภาพ
700 0  ^aภัทรวรรณ ธาดาดลทิพย์, ^eผู้แปล
945    ^p345^l0^i25239
999    ^aทศพร เกษรทอง
รายการนี้ยังไม่มีแท็ก
คุณยังไม่ได้ล็อกอิน คุณสามารถมีกิจกรรมร่วมกับเว็บไซต์ได้ แต่ต้องล็อกอินก่อน ::
  ล็อกอิน

รายการสื่อสารสนเทศ

ลำดับที่ ประเภท เลขเรียก/บาร์โค้ด สถานที่ สถานะ
1. วิทยาศาสตร์การแพทย์ และสุขภาพ
วิทยาศาสตร์การแพทย์ และสุขภาพ
สถานะ=หนังสือเก่า
WB327 ม273ห ฉ.1 
  Barcode: 25239
ห้องสมุดวิทยาเขตนครสวรรค์
►ส่วนจัดเก็บหนังสือเก่า นว.
บนชั้น
  ขอยืม

รายการใกล้เคียง
    ผู้แต่ง [มาริออท, ซูซานนนห์]

    หัวเรื่อง [สุขภาพ]

BibComment


ยังไม่เคยถูกคอมเมนท์

คอมเมนท์ทรัพยากรรายการนี้
  คอมเมนท์: 1001 วิธี สวย สุ..


 Copyright 2026. Bcnsprnw @Library